Sistematización de la cadena de ecoturismo en Risaralda (Registro nro. 6037)
[ vista simple ]
| 000 -CABECERA | |
|---|---|
| Campo de control | 01166nam a2200253 a 4500 |
| 090 ## - CLASIFICACIÓN LOCAL | |
| Colección | IAVH |
| Consecutivo | 00765 CD-1 |
| 041 ## - IDIOMA | |
| Código de idioma para texto/pista de sonido o título separado | Español |
| 100 ## - ASIENTO PRINCIPAL--NOMBRE PERSONAL | |
| Nombre personal | González Acevedo, Alejandra |
| 245 ## - MENCION DE TITULO | |
| Título | Sistematización de la cadena de ecoturismo en Risaralda |
| 260 ## - PUBLICACION, DISTRIBUCION, ETC. (PIE DE IMPRENTA) | |
| Lugar de publicación, distribución, etc. | Bogotá |
| Nombre del editor, distribuidor, etc. | Instituto Alexander von Humboldt |
| Fecha de publicación, distribución, etc. | 2005 |
| 300 ## - DESCRIPCION FISICA | |
| Extensión | 48 p. |
| 520 ## - NOTA DE RESUMEN, ETC. | |
| Nota de resumen | Para el desarrollo de la cadena se seleccionaron cinco municipios del departamento: Pereira, Santa Rosa, Marsella, Balboa y Santuario, partiendo de la base que la principal oferta de ecoturismo sean las Areas Protegidas, sin embargo, se incluyen otras zonas con potencial oferta dentro de estos municipios. |
| 650 ## - ASIENTO SECUNDARIO DE MATERIA - TERMINO TEMATICO | |
| Término temático o nombre geográfico como elemento de entrada | Biodiversidad |
| 650 ## - ASIENTO SECUNDARIO DE MATERIA - TERMINO TEMATICO | |
| Término temático o nombre geográfico como elemento de entrada | Conservación |
| 650 ## - ASIENTO SECUNDARIO DE MATERIA - TERMINO TEMATICO | |
| Término temático o nombre geográfico como elemento de entrada | Ecoturismo |
| 650 ## - ASIENTO SECUNDARIO DE MATERIA - TERMINO TEMATICO | |
| Término temático o nombre geográfico como elemento de entrada | Cadena de valor |
| 650 ## - ASIENTO SECUNDARIO DE MATERIA - TERMINO TEMATICO | |
| Término temático o nombre geográfico como elemento de entrada | Areas Protegidas |
| 662 ## - ASIENTO SECUNDARIO DE MATERIA - JERARQUIA DEL NOMBRE DE LUGAR( | |
| País o entidad mayor | Colombia |
| Ciudad | Pereira |
| Jurisdicción política de primer orden | Risalda |
| 662 ## - ASIENTO SECUNDARIO DE MATERIA - JERARQUIA DEL NOMBRE DE LUGAR( | |
| País o entidad mayor | Colombia |
| Ciudad | Santa Rosa |
| Jurisdicción política de primer orden | Risalda |
| 662 ## - ASIENTO SECUNDARIO DE MATERIA - JERARQUIA DEL NOMBRE DE LUGAR( | |
| País o entidad mayor | Colombia |
| Ciudad | Marsella |
| Jurisdicción política de primer orden | Risalda |
| 662 ## - ASIENTO SECUNDARIO DE MATERIA - JERARQUIA DEL NOMBRE DE LUGAR( | |
| País o entidad mayor | Colombia |
| Ciudad | Balboa |
| Jurisdicción política de primer orden | Risalda |
| 662 ## - ASIENTO SECUNDARIO DE MATERIA - JERARQUIA DEL NOMBRE DE LUGAR( | |
| País o entidad mayor | Colombia |
| Ciudad | Santuario |
| Jurisdicción política de primer orden | Risalda |
| 773 0# - Item fuente: | |
| Host Biblionumber | 5986 |
| Host Itemnumber | 9704 |
| Asiento principal | |
| Edición | |
| Lugar, editorial y fecha de publicación | Bogotá Informatica documental 2007 |
| Otro identificador del ítem - Codigo de Barras | 024802 |
| Título | Informes de investigaciones IAVH en PDF |
| Número de control del registro | |
| Número Internacional Normalizado para Publicaciones Seriadas - ISSN | |
| Número Internacional Normalizado para Libros - ISBN | |
No hay ítems disponibles.